Диагностика урологических заболеваний в целях военно-врачебной экспертизы (Запись № 436402)

Подробности
000 -МАРКЕР
контрольное поле 02087nam1a2200337 i 4500
001 - ИДЕНТИФИКАТОР ЗАПИСИ
контрольное поле RU\NLR\bibl\1284835
005 - ИДЕНТИФИКАТОР ВЕРСИИ
контрольное поле 20260405143139.0
035 ## - ДРУГИЕ СИСТЕМНЫЕ НОМЕРА
Идентификатор записи (NLR Aleph) 001270567
100 ## - ДАННЫЕ ОБЩЕЙ ОБРАБОТКИ
Данные общей обработки 20081016g20089999u a0rusy50 ca
101 0# - ЯЗЫК РЕСУРСА
Язык текста, звукозаписи и т.д. русский
102 ## - СТРАНА ПУБЛИКАЦИИ ИЛИ ПРОИЗВОДСТВА
Страна публикации Российская Федерация
105 ## - ПОЛЕ КОДИРОВАННЫХ ДАННЫХ: ТЕКСТОВЫЕ МАТЕРИАЛЫ, МОНОГРАФИЧЕСКИЕ
Кодированные данные о монографическом текстовом документе ||||z |||||
200 1# - ЗАГЛАВИЕ И СВЕДЕНИЯ ОБ ОТВЕТСТВЕННОСТИ
Основное заглавие Диагностика урологических заболеваний в целях военно-врачебной экспертизы
Сведения, относящиеся к заглавию учебно-методическое пособие
Первые сведения об ответственности МВД России, Департамент тыла МВД России, Гос. образоват. учреждение доп. проф. образования "Всерос. ин-т повышения квалификации сотрудников МВД России"
Последующие сведения об ответственности [А.П. Дудник и др.]
-- под общ. ред. к.м.н. Д.В. Морозова
210 ## - ПУБЛИКАЦИЯ, РАСПРОСТРАНЕНИЕ И ДР.
Место издания, распространения и т.д. Домодедово
Имя издателя, распространителя и т. д. ВИПК МВД России
Дата издания, распространения и т.д. 2008
215 ## - ФИЗИЧЕСКАЯ ХАРАКТЕРИСТИКА
Размеры 21
463 #0 - УРОВЕНЬ ФИЗИЧЕСКОЙ ЕДИНИЦЫ
Встроенное поле 0011247704
463 #0 - УРОВЕНЬ ФИЗИЧЕСКОЙ ЕДИНИЦЫ
Встроенное поле 0011247474
606 1# - НАИМЕНОВАНИЕ ТЕМЫ КАК ПРЕДМЕТ
Наименование темы Мочеполовые органы
Формальный подзаголовок Учебно-методические пособия
Тематический подзаголовок Болезни
-- Диагностика
Системный номер авторитетной/нормативной записи 1301166
Идентификатор авторитетной/нормативной записи RU\NLR\auth\66538885
606 1# - НАИМЕНОВАНИЕ ТЕМЫ КАК ПРЕДМЕТ
Наименование темы Военно-врачебная экспертиза
Формальный подзаголовок Учебно-методические пособия
Географический подзаголовок Российская Федерация
Системный номер авторитетной/нормативной записи 2074096
Идентификатор авторитетной/нормативной записи RU\NLR\auth\661249066
686 ## - ИНДЕКСЫ ДРУГИХ КЛАССИФИКАЦИЙ
Индекс Р696-4я73
686 ## - ИНДЕКСЫ ДРУГИХ КЛАССИФИКАЦИЙ
Индекс Ц7,6(2Р)622.2я7
702 #1 - ИМЯ ЛИЦА - ВТОРИЧНАЯ ОТВЕТСТВЕННОСТЬ
Начальный элемент ввода Дудник
Часть имени, кроме начального элемента ввода А. П.
Расширение инициалов личного имени Андрей Павлович
Код отношения Составитель
702 #1 - ИМЯ ЛИЦА - ВТОРИЧНАЯ ОТВЕТСТВЕННОСТЬ
Код отношения Редактор
Графика поля Кириллица
Материалы, к которым относится поле rus
Начальный элемент ввода Морозов
Часть имени, кроме начального элемента ввода Д. В.
Дополнения к именам, кроме дат канд. мед. наук, урология
Расширение инициалов личного имени Дмитрий Владимирович
Системный номер авторитетной/нормативной записи 41834
Идентификатор авторитетной/нормативной записи RU\NLR\auth\7758902
712 02 - НАИМЕНОВАНИЕ ОРГАНИЗАЦИИ - ВТОРИЧНАЯ ОТВЕТСТВЕННОСТЬ
Код отношения Издающая организация
Начальный элемент ввода Всероссийский институт повышения квалификации сотрудников МВД России
Идентифицирующий признак Домодедово
Системный номер авторитетной/нормативной записи 827570
Идентификатор авторитетной/нормативной записи RU\NLR\AUTH\880580958
801 #0 - ИСТОЧНИК ЗАПИСИ
Страна Российская Федерация
Организация NLR
Дата составления 20081016
Правила каталогизации RCR
801 #1 - ИСТОЧНИК ЗАПИСИ
Страна Российская Федерация
Организация NLR
Дата составления 20081016
852 ## - МЕСТОНАХОЖДЕНИЕ И ШИФР ХРАНЕНИЯ
Идентификатор организации NLR
Шифр хранения (Call Number) 2008-3/19346
942 ## - ДОПОЛНИТЕЛЬНЫЕ ЭЛЕМЕНТЫ ЗАПИСИ (АБИС)
Тип экземпляра АБИС Книга

Нет доступных экземпляров.